000 00475nam a2200181Ia 4500
001 13812
005 20260306164828.0
008 260306t2016||||xx |||||||||||||| ||spa||
041 _aESP
082 _a005.3
_bN14
100 _aNadareishvili, Irakli
_eAUT
245 0 _aMicroservice architecture:
_baligning principles, practices, and culture
260 _c2016
300 _axiv, 128 páginas :
_c23 cm.
650 _aGEN
654 _aCCC
942 _cLIB
_dJUS
_fJUS
_2ddc
_n
999 _c13812
_d13812